00484nam a2200193Ia 4500003000400000005001700004008004100021020001800062040000700080041000800087082002100095100001500116245003400131260004800165300001700213365001300230650003100243650001600274OSt20230426151246.0210423s2011 xx 000 0 und d a9788180697777 cAL aeng a361.3 223bNALR aNALINI (R) aSocial work and the workplace aNew DelhibConcept publishing companyc2011 axxiv,190bHB b430cINR aSocial Problems & Services aSocial Work